000 01233ncm a2200337 c 4500
003 BLK
005 20241005005459.0
008 180414b bul |a|er|||| |0| c|bulo|
010 _aNOT00000279000
040 _aBLK
041 _aDEU
_cBUL
080 _aОпера. Музикална драма. Романтична опера. Опера-приказка
_b782.1
_x
_z782.1
100 _aХендел, Георг Фридрих
_d1685 - 1759
_9387450
700 1 _aHandel, Georg Friedrich
_e*
_912313
700 1 _aGeiseler, Walter
_eklavierausz.
_910848
139 _aХендел, Георг Фридрих
_bХ 42
245 1 0 _aJulius Caesar
_bOper in drei Akten
_cГеорг Фридрих Хендел; * Georg Friedrich Handel; klavierausz. Walter Geiseler.
246 1 1 _aЮлий Цезар
_bОпера в 3 д.
254 _aКлавир
257 _aDEU
260 Leipzig
_bDVFM 4019a
_cS. a.
300 _a281 с.
_c29 см
380 _a7
500 _aТекст на нем. и итал. ез.
852 _aЦб М ІІ 2809
_p0
856 4 _qpdf
_u
856 4 _qpdf
_u
942 _cNOT
_n0
944 _aCR
_c14.11.2003
_k
_lCRON CRON
944 _aED
_c09.04.2015
_kИрена_Линкова
999 _c296929
_d296929